Minecraft (Are you a pro?) - Statistics

General Stats
  • This quiz has been taken 192 times
  • The average score is 8 of 9
Answer Stats
Question Answer % Correct
What Dimension is the Ender Dragon in? The End
99%
Can you send a fireball back to a Ghast? Yes
99%
Is it possible to get to the End with out Breaking or building at all? Yes
99%
You can beat the Ender Dragon with 5 or less beds. True or False? True
96%
Who created Minecraft? Notch
94%
What is under Bedrock? The Void
94%
What is the worst armor in the game? Gold
86%
What Biome can you find A lot of gold in? Mesa
60%
What is something you can not get in the Overworld but you can in the Nether? Nether Wart
24%
No matching quizzes found
Score Distribution
Percent of People with Each Score
Percentile by Number Answered
Your Score History
You have not taken this quiz